00261 a2200109 4500001000700000020000600007040001100013100002900024240004700053245004200100362000900142179637 a  cMagnum aMalba Tahan (Pseudonimo)10aO rabi, o cocheiro e os anjos de deuslpor10aO rabi, o cocheiro e os anjos de deus0 a1899